Theories and Techniques of Crystal Structure Determination /

Salvato in:
Dettagli Bibliografici
Autore principale: Shmueli, Uri (Autore)
Natura: Libro
Lingua:inglese
Pubblicazione: Oxford University Press 2007
Serie:International Union Crystallography Texts on Crystallography 9
Soggetti:
Tags: Aggiungi Tag
Nessun Tag, puoi essere il primo ad aggiungerne!!

MARC

LEADER 00000nam a22000003a 4500
001 0100250
003 SK-STU
005 20230125093732.8
007 ta
008 230125s ----xo-----e------000-0-----d
020 |a 978-0-19-921350-4 
040 |a STU  |b slo 
041 0 |a eng 
044 |a xxk 
100 1 |a Shmueli, Uri  |4 aut 
245 1 0 |a Theories and Techniques of Crystal Structure Determination /  |c aut. Uri Shmueli 
260 |a Oxford  |b University Press  |c 2007 
300 |a 269 s. 
490 0 |a International Union Crystallography Texts on Crystallography  |v 9 
650 0 7 |a kryštalografia 
996 |b 284M089244  |c M* 14725-1  |l MMST  |s A  |a 24  |w 0100250_0001